000
00235nam a2200097Ia 4500
008
220204s9999 xx 000 0 und d
082
_a
82-3
_b
ARU
245
4
_a
The Apprentice
260
_a
New Delhi
_b
Orient Paperbacks
_c
1974
942
_c
BK
999
_c
29103
_d
29103